It looks like you're offline.
Open Library logo
additional options menu

MARC record from Internet Archive

LEADER: 03185cam 2200613 4500
001 ocm00170688
003 OCoLC
005 20100128123705.0
008 680310s1968 nyu b 000 0 eng
010 $a 68006116
040 $aDLC$cDLC$dOCLCQ$dNLGGC$dDST$dSTF$dWPG$dNIALS
035 $a(OCoLC)170688
050 0 $aHB875$b.E35
082 00 $a301.3/2
084 $a44.10$2bcl
084 $a74.95$2bcl
100 1 $aEhrlich, Paul R.
245 14 $aThe population bomb$c[by] Paul R. Ehrlich.
260 $aNew York,$bBallantine Books$c[1968]
300 $a223 p.$c19 cm.
490 0 $aA Sierra Club-Ballantine book
504 $aBibliographical references included in "Footnotes" (p. 214-217) Bibliography: p. 218-220.
505 0 $aThe problem -- The ends of the road -- What is being done -- What needs to be done -- What can you do? -- What if I'm wrong?
650 0 $aPopulation.
952 $a170688$zDLC$bLIBRARY OF CONGRESS$hFull$iLCC$kDDC$tContents$u20090704
952 $a124837180$zAS0$bAMON CARTER MUS LIBR$hFull$iLCC$kDDC$u20070512
952 $a125247171$zLHL$bLINDA HALL LIBR$hFull$iLCC$kDDC$u20070512
952 $a126893319$zUVV$bFASHION INST OF TECH LIBR$hFull; not ex.$iLCC$kDDC$u20070514
952 $a127134209$zYUS$bYALE UNIV LIBR$hFull$kDDC$u20070515
952 $a134718737$zRBN$bBROWN UNIV$hFull$iLCC$u20070524
952 $a136694843$zUBY$bBRIGHAM YOUNG UNIV LIBR$hFull$iLCC$kDDC$u20090603
952 $a145671700$zUTV$bBRIGHAM YOUNG UNIV, LAW SCH$hFull$iLCC$kDDC$u20070627
952 $a173591867$zZZX$bUNIV OF SOUTHERN CALIF, CALL LAW LIBR$hFull$iLCC$kDDC$u20071002
952 $a177165616$zPUL$bPRINCETON UNIV$hFull$iLCC$kDDC$u20071026
952 $a187967363$zPAU$bUNIV OF PENNSYLVANIA$hFull$iLCC$u20080517
952 $a188407502$zPAU$bUNIV OF PENNSYLVANIA$hFull$iLCC$u20080517
952 $a189416430$zFLL$bHARVARD UNIV, DESIGN SCH, LOEB LIBR$hFull batch$iLCC$kDDC$u20080616
952 $a214226132$zCUY$bUNIV OF CALIFORNIA, BERKELEY$hFull; not ex.$iLCC$kDDC$u20080327
952 $a224156942$zCLS$bHARVARD UNIV, CABOT SCI LIBR$hFull batch$iLCC$kDDC$u20080415
952 $a230029131$zHBS$bHARVARD UNIV, BUSINESS SCH, BAKER LIBR$hFull batch$iLCC$kDDC$u20080617
952 $a235497262$zHLS$bHARVARD UNIV, HARVARD COL LIBR$hFull batch$iLCC$kDDC$u20090707
952 $a235497266$zHLS$bHARVARD UNIV, HARVARD COL LIBR$hFull batch$iLCC$kDDC$u20090706
952 $a242181465$zHLS$bHARVARD UNIV, HARVARD COL LIBR$hFull batch$iLCC$kDDC$u20080809
952 $a245604036$zCASUM$bSTANFORD UNIV LANE MED LIBR$hLess-than-full batch$iLCC$u20080906
952 $a273979890$zRCJ$bSTANFORD UNIV, ROBERT CROWN LAW LIBR$hFull$iLCC$kDDC$u20081119
952 $a275184684$zSTF$bSTANFORD UNIV LIBR$hFull$iLCC$kDDC$u20091122
952 $a466989025$zTEU$bTEMPLE UNIV$hOther$u20091118
952 $a486115601$zN15$bNEW YORK UNIV, GROUP BATCHLOAD$hFull$iLCC$kDDC$u20091213
952 $a486115630$zN15$bNEW YORK UNIV, GROUP BATCHLOAD$hFull$iLCC$kDDC$u20091213
029 1 $aNLGGC$b780732901
029 1 $aNZ1$b3914882
029 1 $aAU@$b000000716299
994 $aZ0$bPMR
948 $hNO HOLDINGS IN PMR - 1095 OTHER HOLDINGS